| 000 | 01190cam a22003134i 4500 | ||
|---|---|---|---|
| 001 | 04985 | ||
| 003 | HDC | ||
| 008 | 210118s2011 flua bf 001 0 eng | ||
| 020 | _a1439803331 (hardcover : alkaline paper) | ||
| 020 | _a9781439803332 (hardcover : alkaline paper) | ||
| 040 | _aHDC | ||
| 100 |
_aPolizzi, Karen M., _eauthor _95240 |
||
| 245 | 0 |
_aHandbook of healthcare delivery systems. Chapter 27 : _bVaccine Production / _cby Karen M. Polizzi and Cleo Kontoravdi |
|
| 260 |
_aBoca Raton, FL : _bCRC Press, _c2011 |
||
| 300 | _a20 pages | ||
| 336 |
_atext _2rdacontent |
||
| 337 |
_aunmediated _2rdamedia |
||
| 338 |
_avolume _2rdacarrier |
||
| 500 | _aOriginal from book | ||
| 650 |
_aDelivery of Health Care, Integrated. _95242 |
||
| 650 |
_aIntegrated delivery of health care _95241 |
||
| 650 |
_aOutcome and Process Assessment (Health Care) _95243 |
||
| 650 |
_aSystems Analysis. _93137 |
||
| 700 |
_aKontoravdi, Cleo, _eauthor _95244 |
||
| 856 | _zRequest full-text at [email protected] | ||
| 942 | _2lcc | ||
| 942 | _cCHAP | ||
| 942 | _kEBCH 002660 | ||
| 999 |
_c2309 _d2309 |
||